5HLuxD.jpg

KING HENRY VIII SENIOR AND PRIMARY SCHOOL LIBRARY OPAC

Business adventures / (Record no. 6086)

000 -LEADER
fixed length control field 00950cam a22003011 4500
001 - CONTROL NUMBER
control field 4543577
003 - CONTROL NUMBER IDENTIFIER
control field OSt
005 - DATE AND TIME OF LATEST TRANSACTION
control field 20260206091332.0
008 - FIXED-LENGTH DATA ELEMENTS--GENERAL INFORMATION
fixed length control field 700706s1969 nyu 000 0 eng
010 ## - LIBRARY OF CONGRESS CONTROL NUMBER
LC control number 69010732
020 ## - INTERNATIONAL STANDARD BOOK NUMBER
International Standard Book Number 9781473610385
035 ## - SYSTEM CONTROL NUMBER
System control number 4543577
040 ## - CATALOGING SOURCE
Original cataloging agency DLC
Transcribing agency DLC
Modifying agency DLC
-- KH8
043 ## - GEOGRAPHIC AREA CODE
Geographic area code n-us---
082 00 - DEWEY DECIMAL CLASSIFICATION NUMBER
Classification number 650.0973 BRO
100 1# - MAIN ENTRY--PERSONAL NAME
Personal name Brooks, John,
Dates associated with a name 1920-1993,
Relator term author.
245 10 - TITLE STATEMENT
Title Business adventures /
Statement of responsibility, etc. John Brooks.
260 ## - PUBLICATION, DISTRIBUTION, ETC.
Place of publication, distribution, etc. New York,
Name of publisher, distributor, etc. Weybright and Talley
Date of publication, distribution, etc. [1969]
300 ## - PHYSICAL DESCRIPTION
Extent 400 p.
Dimensions 24 cm.
336 ## - CONTENT TYPE
Content type term text
Content type code txt
Source rdacontent
337 ## - MEDIA TYPE
Media type term unmediated
Media type code n
Source rdamedia
338 ## - CARRIER TYPE
Carrier type term volume
Carrier type code nc
Source rdacarrier
650 #0 - SUBJECT ADDED ENTRY--TOPICAL TERM
Topical term or geographic name entry element Businesspeople
Geographic subdivision United States
Form subdivision Case studies.
650 #0 - SUBJECT ADDED ENTRY--TOPICAL TERM
Topical term or geographic name entry element Corporations
Geographic subdivision United States
Form subdivision Case studies.
650 #0 - SUBJECT ADDED ENTRY--TOPICAL TERM
Topical term or geographic name entry element Stock exchanges
Geographic subdivision United States
Form subdivision Case studies.
655 #7 - INDEX TERM--GENRE/FORM
Genre/form data or focus term Case studies.
Source of term lcgft
Authority record control number or standard number https://id.loc.gov/authorities/genreForms/gf2017026140
942 ## - ADDED ENTRY ELEMENTS (KOHA)
Source of classification or shelving scheme
Koha item type Books - Non Ficton
Holdings
Withdrawn status Lost status Source of classification or shelving scheme Damaged status Not for loan Collection code Permanent Location Current Location Shelving location Date acquired Full call number Barcode Date last seen Copy number Price effective from Koha item type
          Non-Fiction KH8 Senior School Library KH8 Senior School Library Non Fiction 2026-02-06 650.0973 BRO 3KHSL000102629 2026-02-06 Book donation 2026-02-06 Books - Non Ficton

Powered By KH8 IT Dept